Dove giocava nel 2010-2011? - Quiz n°28 - Statistics

Statistiche generali
  • Questo quiz è stato fatto 25 volte
  • Il punteggio medio è 5 su 10
Statistiche sulle risposte
Hint Risposta % Corretto
Mario Balotelli Manchester City
89%
Mesut Özil Real Madrid
72%
Kevin De Bruyne Genk
61%
Daniel Carvajal Real M. Castilla
50%
Thomas Vermaelen Arsenal
44%
Germán Denis Udinese
44%
Sérgio Oliveira Beira-Mar
39%
César Azpilicueta Olympique Marsiglia
33%
Simon Mignolet Sunderland
28%
Valon Behrami West Ham Utd
11%
Nessun quiz corrispondente trovato
Distribuzione punteggi
Percentuale di utenti per punteggio
Percentile per numero di risposta
I tuoi punteggi nel tempo
Non hai fatto questo quiz